000 00573cam a22002411 4500
001 sa 64000150
003 DLC
005 20260227111953.0
008 940602s1962 ii a 000 1 beno
010 _asa 64000150
025 _aPL480:EP-B-187
035 _a(OCoLC)30538573
040 _aDLC
_cCU
_dCU
_dDLC
042 _apremarc
050 0 0 _aPK3797
_b.H28
100 1 _aHaque, Md. Abdul.
245 1 0 _aKālidāsera galpa.
260 _c[1962]
300 _a100 p.
_bill.
_c19 cm.
500 _aIn Bengali.
500 _aShort stories.
600 0 0 _aKālidāsa.
999 _c56051
_d56051